000
00468nam a2200181Ia 4500
008
100917s9999 xx 000 0 und d
082
_b
7239
100
_a
दत्त प्रफुल्ल
245
_a
रेशमी लड्या
260
_b
---
_c
1965
300
_a
120
365
_b
2.5
520
_a
कथा
630
_a
रेशमी लड्या
650
_a
कथा
730
_a
रेशमी लड्या
942
_c
BOOK
999
_c
612633
_d
612630